000 00563nam a22001817a 4500
999 _c17671
_d17671
003 ASL
005 20231015025623.0
008 170724b xxu||||| |||| 00| 0 eng d
040 _aASL
_cASL
_dASL
082 _a294.5563
_bSHA
100 1 _9539
_aSharma, Pandit Vishun Lal
245 1 4 _aThe Arya Samaj /
_cPandit Vishun Lal Sharma
260 _aAllahabad:
_bApurva Krishna Bose at the Indian Press,
_c1912
300 _ai, 121 p.:
_c18 cm.
504 _aIncludes bibliographical references
650 _2Hand Book
_xArya Samaj
_xReligion
_zIndia
942 _2ddc
_cBK